[Event "Torneo Nuevo Centro. Jornada 7"]
[Site "Chess.com"]
[Date "2020.07.31"]
[Round "5"]
[White "Amorós Pérez, Manuel David"]
[Black "Galiana Fernández, Héctor"]
[Result "1-0"]
[WhiteElo "1643"]
[BlackElo "1342"]
[PlyCount "31"]
[EventDate "2020.??.??"]

1. e4 e5 2. Nf3 Nc6 3. Bc4 Bc5 4. c3 Nf6 5. d4 exd4 6. cxd4 Bb4+ 7. Bd2 Bxd2+
8. Nbxd2 d5 9. exd5 Nxd5 10. Qb3 Na5 11. Qb5+ c6 12. Qc5 Nxc4 13. Nxc4 Be6 14.
Nd6+ Kd7 15. Nxb7 Qe8 16. Ne5+ 1-0

[Event "Torneo Nuevo Centro. Jornada 7"]
[Site "Chess.com"]
[Date "2020.07.31"]
[Round "5"]
[White "Rabbani Perez, Oumaima"]
[Black "Méndez Giménez, Néstor Emmanuel"]
[Result "0-1"]
[WhiteElo "628"]
[BlackElo "1184"]
[PlyCount "74"]
[EventDate "2020.??.??"]

1. e3 d6 2. Bc4 f6 3. Nf3 Nc6 4. Nd4 Nxd4 5. exd4 d5 6. Bb3 b6 7. c4 Bb7 8.
cxd5 Bxd5 9. Bxd5 Qxd5 10. Qf3 Qxf3 11. gxf3 e5 12. d5 Bd6 13. d3 Nh6 14. Bd2
O-O 15. Bc3 c5 16. a3 f5 17. a4 a5 18. Na3 e4 19. fxe4 fxe4 20. dxe4 Ng4 21.
Nb5 Bf4 22. Nc7 Bxc7 23. Rd1 c4 24. Rb1 Nxf2 25. b3 cxb3 26. O-O Nh3+ 27. Kg2
Nf4+ 28. Kg1 Ne2+ 29. Kg2 Rf7 30. Rxf7 Kxf7 31. Rf1+ Kg8 32. Rb1 Nxc3 33. Rxb3
Nxe4 34. Rb5 Rf8 35. Rb1 Rf2+ 36. Kg1 Bxh2+ 37. Kh1 Ng3# 0-1

[Event "Torneo Nuevo Centro. Jornada 7"]
[Site "Chess.com"]
[Date "2020.07.31"]
[Round "5"]
[White "Fitzpatrick Dimas, Kevin"]
[Black "Miranda Calvo, Max Rodrigo"]
[Result "0-1"]
[WhiteElo "894"]
[BlackElo "1309"]
[PlyCount "66"]
[EventDate "2020.??.??"]

1. e4 e5 2. Bc4 Nc6 3. Nf3 Bc5 4. Nc3 d6 5. d3 Bg4 6. Bg5 Nge7 7. h3 Bh5 8.
Bxe7 Qxe7 9. O-O Nd4 10. Nxd4 Bxd1 11. Raxd1 Bxd4 12. Nd5 Qd7 13. c3 c6 14. Nb4
b5 15. Bb3 a5 16. Nc2 Bxc3 17. bxc3 a4 18. a3 axb3 19. Ne3 Rxa3 20. d4 exd4 21.
Rxd4 b2 22. Nc2 Rxc3 23. Ne3 Rc1 24. Rb4 Rxf1+ 25. Kxf1 Qe6 26. Rxb2 Qxe4 27.
Re2 Qe5 28. Ng4 Qxe2+ 29. Kxe2 O-O 30. Ne3 Re8 31. f3 d5 32. Kf2 d4 33. Ng4 d3
0-1

[Event "Torneo Nuevo Centro. Jornada 7"]
[Site "Chess.com"]
[Date "2020.07.31"]
[Round "5"]
[White "Cayon Pelaez, Pablo"]
[Black "Luque Saiz, Andrés"]
[Result "0-1"]
[WhiteElo "1793"]
[BlackElo "2024"]
[PlyCount "42"]
[EventDate "2020.??.??"]

1. e4 c6 2. d4 d5 3. e5 c5 4. c3 Nc6 5. Nf3 Bg4 6. Be2 e6 7. h3 Bxf3 8. Bxf3
cxd4 9. cxd4 Qb6 10. O-O Qxd4 11. Qb3 Qb4 12. Qe3 Nge7 13. a3 Qd4 14. Qb3 Qb6
15. Qa4 Qa5 16. Qb3 Qb6 17. Qa4 Ng6 18. Re1 Bc5 19. Be3 Bxe3 20. Rxe3 O-O 21.
Nc3 d4 0-1

[Event "Torneo Nuevo Centro. Jornada 7"]
[Site "Chess.com"]
[Date "2020.07.31"]
[Round "5"]
[White "Perrot, Fabien"]
[Black "Serrano Requena, Guillem"]
[Result "0-1"]
[WhiteElo "963"]
[BlackElo "1364"]
[PlyCount "52"]
[EventDate "2020.??.??"]

1. d4 d5 2. Nf3 Nf6 3. c4 c6 4. Bg5 Bg4 5. e3 e6 6. h3 Bh5 7. g4 Bg6 8. Nc3 Be7
9. h4 h6 10. Bxf6 Bxf6 11. h5 Bh7 12. Ne5 O-O 13. Bd3 Nd7 14. Bxh7+ Kxh7 15.
Qd3+ Kg8 16. Nf3 dxc4 17. Qxc4 c5 18. Ne4 cxd4 19. Nxf6+ Nxf6 20. Qxd4 Qa5+ 21.
Qd2 Qb5 22. Qe2 Qc6 23. O-O Nxg4 24. Rac1 Qd6 25. Rcd1 Qc7 26. Nd4 Qh2# 0-1

[Event "Torneo Nuevo Centro. Jornada 7"]
[Site "Chess.com"]
[Date "2020.07.31"]
[Round "5"]
[White "Jordan Martinez, David"]
[Black "Soler Nadal, Jose Antonio"]
[Result "1-0"]
[WhiteElo "1900"]
[BlackElo "1555"]
[PlyCount "71"]
[EventDate "2020.??.??"]

1. g3 f5 2. Bg2 Nf6 3. b3 e6 4. Bb2 d5 5. Nf3 Nbd7 6. O-O Be7 7. d3 O-O 8. Nbd2
c5 9. e4 d4 10. a4 fxe4 11. dxe4 e5 12. Nh4 g6 13. Nc4 Nh5 14. Nf3 Ndf6 15.
Nfxe5 Be6 16. f4 Nd7 17. Qd3 Bf6 18. Nxd7 Qxd7 19. e5 Be7 20. Rae1 Bd5 21.
Bxd5+ Qxd5 22. Qe4 Qd7 23. e6 Qc7 24. Ne5 Bd6 25. g4 Bxe5 26. fxe5 Ng7 27.
Rxf8+ Rxf8 28. e7 Re8 29. Ba3 Rxe7 30. Qd5+ Ne6 31. b4 b6 32. bxc5 bxc5 33.
Bxc5 Qxc5 34. Qa8+ Kg7 35. Rf1 d3+ 36. Kg2 1-0

[Event "Torneo Nuevo Centro. Jornada 7"]
[Site "Chess.com"]
[Date "2020.07.31"]
[Round "5"]
[White "Gracia Calvo, Andrés"]
[Black "Conejero Martínez, Víctor"]
[Result "1-0"]
[WhiteElo "1811"]
[BlackElo "1397"]
[PlyCount "49"]
[EventDate "2020.??.??"]

1. d4 Nf6 2. Nf3 d5 3. Bf4 e6 4. e3 Bd6 5. Bg3 O-O 6. Bd3 b6 7. Nbd2 Ba6 8. Qe2
Bxd3 9. Qxd3 c5 10. c3 Nc6 11. Ne5 Rc8 12. O-O Nd7 13. Nxf7 Qe7 14. Nxd6 Ra8
15. Nf3 Nf6 16. Rfe1 Ne8 17. Nxe8 Raxe8 18. Ne5 Nxe5 19. Bxe5 Qh4 20. Bg3 Qg4
21. e4 Rf7 22. exd5 Ref8 23. f3 Qg5 24. dxe6 Re7 25. Bd6 1-0

[Event "Torneo Nuevo Centro. Jornada 7"]
[Site "Chess.com"]
[Date "2020.07.31"]
[Round "5"]
[White "Polikarpov, Anton"]
[Black "Grigorev, Artur"]
[Result "0-1"]
[WhiteElo "1216"]
[BlackElo "952"]
[PlyCount "64"]
[EventDate "2020.??.??"]

1. e4 e5 2. Nf3 Nc6 3. Bc4 Bc5 4. O-O Nf6 5. d3 d6 6. Bg5 O-O 7. Nc3 h6 8. Bh4
g5 9. Bg3 Nh5 10. h4 Nxg3 11. Kh2 Nxf1+ 12. Qxf1 g4 13. g3 gxf3 14. Kg1 Bg4 15.
Qe1 Qf6 16. a3 Nd4 17. b4 Nxc2 18. Qe3 Nxe3 19. Re1 h5 20. fxe3 Bxe3+ 21. Rxe3
Qh6 22. Kf2 c6 23. b5 d5 24. exd5 cxd5 25. Bxd5 Rfe8 26. Bc4 e4 27. dxe4 Re7
28. e5 Rd8 29. Nd5 Rc7 30. Nxc7 Rd2+ 31. Ke1 f2+ 32. Kf1 Bh3# 0-1

[Event "Torneo Nuevo Centro. Jornada 7"]
[Site "Chess.com"]
[Date "2020.07.31"]
[Round "5"]
[White "Kovacevic, Slobodan"]
[Black "Roca Cruz, Rafael"]
[Result "1-0"]
[WhiteElo "2196"]
[BlackElo "1813"]
[PlyCount "59"]
[EventDate "2020.??.??"]

1. d4 b5 2. Nf3 Bb7 3. Bf4 e6 4. c3 Be7 5. Nbd2 Nf6 6. e3 a6 7. a4 bxa4 8. Qxa4
O-O 9. h3 d6 10. Be2 Nbd7 11. O-O Nb6 12. Qb3 Qc8 13. Ra5 Nbd5 14. Bg3 Nd7 15.
Rfa1 Nb8 16. Bd3 Nc6 17. R5a2 Nb6 18. Qd1 Rd8 19. Qe2 d5 20. Bxa6 Bxa6 21. Rxa6
Rxa6 22. Rxa6 Nc4 23. Ra2 N6a5 24. b4 Nxd2 25. Nxd2 Nb7 26. Qb5 Nd6 27. Qc6 h6
28. Ra7 Ne8 29. Bxc7 Nxc7 30. Rxc7 1-0

[Event "Torneo Nuevo Centro. Jornada 7"]
[Site "Chess.com"]
[Date "2020.07.31"]
[Round "5"]
[White "Lloret Ramis, Juan José"]
[Black "Chofre Murcia, Adrián"]
[Result "1-0"]
[WhiteElo "1997"]
[BlackElo "1674"]
[PlyCount "69"]
[EventDate "2020.??.??"]

1. c4 e5 2. Nc3 Nf6 3. Nf3 Nc6 4. e3 d5 5. cxd5 Nxd5 6. Bb5 Nxc3 7. bxc3 Bd7 8.
d4 exd4 9. cxd4 a6 10. Ba4 b5 11. Bb3 Be7 12. O-O O-O 13. Bb2 Bg4 14. h3 Bh5
15. Bc2 Qd5 16. e4 Qd8 17. d5 Nb4 18. Qd4 Bf6 19. Qxb4 Bxf3 20. gxf3 Bxb2 21.
Qxb2 Qg5+ 22. Kh1 Qh5 23. Kh2 Qxf3 24. Qb3 Qf6 25. Qg3 Rad8 26. f4 Rfe8 27.
Rad1 Qb2 28. Rf2 Qxa2 29. Rg1 Qb2 30. e5 g6 31. e6 fxe6 32. Bxg6 Re7 33. Rxb2
hxg6 34. Qxg6+ Rg7 35. Qxg7# 1-0

[Event "Torneo Nuevo Centro. Jornada 7"]
[Site "Chess.com"]
[Date "2020.07.31"]
[Round "5"]
[White "Castellano López, Javier"]
[Black "Escalona Moncholi, Felix"]
[Result "1-0"]
[WhiteElo "1902"]
[BlackElo "2039"]
[PlyCount "57"]
[EventDate "2020.??.??"]

1. d4 d5 2. c4 dxc4 3. Nc3 Nf6 4. e3 c5 5. Nf3 e6 6. Bxc4 a6 7. a4 Nc6 8. O-O
Qc7 9. dxc5 Bxc5 10. Qe2 O-O 11. Rd1 b6 12. b3 Na5 13. Bb2 Bb7 14. Rac1 Rfc8
15. Na2 Nxc4 16. Rxc4 Qe7 17. Rdc1 Bd5 18. R4c3 Ne4 19. Rd3 b5 20. Nc3 Nxc3 21.
Rdxc3 b4 22. Rd3 Qb7 23. Nd2 Bxg2 24. Qg4 Bd4 25. Rxd4 e5 26. Rdc4 Bd5 27.
Rxc8+ Rxc8 28. Rxc8+ Qxc8 29. Qxc8# 1-0

[Event "Torneo Nuevo Centro. Jornada 7"]
[Site "Chess.com"]
[Date "2020.07.31"]
[Round "5"]
[White "Gutierrez Marco, Dario"]
[Black "Soliva Ruiz, Ramon"]
[Result "1/2-1/2"]
[WhiteElo "1828"]
[BlackElo "1471"]
[PlyCount "98"]
[EventDate "2020.??.??"]

1. e4 c5 2. Nc3 e6 3. Nf3 a6 4. d4 cxd4 5. Nxd4 Qc7 6. Be3 Nf6 7. Be2 Bb4 8.
Qd3 Bxc3+ 9. bxc3 Nc6 10. O-O O-O 11. f4 b5 12. Kh1 Bb7 13. Bf3 Rad8 14. a4 b4
15. Nxc6 dxc6 16. cxb4 Rxd3 17. cxd3 Rd8 18. Rfd1 Nd7 19. d4 Nb6 20. a5 Nc4 21.
Bg1 Nd6 22. Rac1 Nb5 23. d5 exd5 24. Bb6 Qd7 25. Bxd8 Qxd8 26. exd5 cxd5 27.
Rc5 g6 28. Bxd5 Bxd5 29. Rcxd5 Qf6 30. f5 Nc3 31. Rd8+ Kg7 32. R1d6 Qxf5 33. h3
Ne4 34. Rxa6 Qf1+ 35. Kh2 Qxa6 36. Rd5 Qe6 37. Rb5 Qd6+ 38. Kg1 Qd4+ 39. Kh2
Qc4 40. Rb7 Nf2 41. b5 Qf4+ 42. Kg1 Nd3 43. a6 Qe3+ 44. Kh2 Nc5 45. a7 Qe5+ 46.
Kg1 Qd4+ 47. Kh2 Qe5+ 48. Kg1 Qd4+ 49. Kh2 Qe5+ 1/2-1/2

[Event "Torneo Nuevo Centro. Jornada 7"]
[Site "Chess.com"]
[Date "2020.07.31"]
[Round "5"]
[White "Birnoveanu, Petru"]
[Black "Carbonell Bofill, Carlos Eloy"]
[Result "1-0"]
[WhiteElo "1667"]
[BlackElo "1970"]
[PlyCount "57"]
[EventDate "2020.??.??"]

1. e4 e6 2. f4 c5 3. Nf3 Nc6 4. d4 cxd4 5. Nxd4 Nf6 6. e5 Ne4 7. Nxc6 Qh4+ 8.
g3 Nxg3 9. hxg3 Qxg3+ 10. Ke2 bxc6 11. Be3 Bb4 12. c3 Ba5 13. Kd2 Rb8 14. b4
Bb6 15. Qe2 Ba6 16. Qf2 Qxf2+ 17. Bxf2 Bxf2 18. Bxa6 h5 19. Be2 h4 20. Rh3 Ke7
21. a4 a5 22. b5 f6 23. Na3 fxe5 24. fxe5 g5 25. Rf1 Bg3 26. Bg4 Bxe5 27. Kd3
Bf4 28. Rb1 c5 29. Nc4 1-0

[Event "Torneo Nuevo Centro. Jornada 7"]
[Site "Chess.com"]
[Date "2020.07.31"]
[Round "5"]
[White "Donate Peris, Jose Manuel"]
[Black "Sanchis Bon, Sergi"]
[Result "1-0"]
[WhiteElo "1530"]
[BlackElo "970"]
[PlyCount "59"]
[EventDate "2020.??.??"]

1. d4 d5 2. c4 e6 3. Nc3 Ne7 4. cxd5 exd5 5. Bg5 f6 6. Bf4 g5 7. Bg3 h5 8. h3
h4 9. Bh2 Nbc6 10. e3 Bf5 11. Bb5 a6 12. Ba4 b5 13. Bb3 Nb4 14. Qf3 Rg8 15.
O-O-O g4 16. Qe2 gxh3 17. Nxh3 Bg4 18. f3 Bxh3 19. gxh3 Nf5 20. a3 Nc6 21. Nxd5
Ng3 22. Bxg3 hxg3 23. Nf4 Bh6 24. Bxg8 Rc8 25. Rd3 b4 26. axb4 Nxb4 27. Rb3
Bxf4 28. exf4+ Kf8 29. Qe6 Qxd4 30. Qf7# 1-0

[Event "Torneo Nuevo Centro. Jornada 7"]
[Site "Chess.com"]
[Date "2020.07.31"]
[Round "5"]
[White "Perez Garcia, Jose Miguel"]
[Black "Montesinos Diaz, Luis"]
[Result "1-0"]
[WhiteElo "2043"]
[BlackElo "1802"]
[PlyCount "93"]
[EventDate "2020.??.??"]

1. g3 d5 2. Bg2 Nf6 3. c4 dxc4 4. Qa4+ c6 5. Qxc4 Be6 6. Qc2 g6 7. Nf3 Bg7 8.
O-O O-O 9. Nc3 Nbd7 10. b3 Qc7 11. Bb2 Nb6 12. Nb5 Qd7 13. Nbd4 Bd5 14. Qc1
Rfe8 15. d3 e5 16. Nc2 e4 17. dxe4 Bxe4 18. Ne3 Nbd5 19. Nc4 Rad8 20. Rd1 Qc7
21. a3 Bf5 22. Nd4 Be4 23. Nf3 h6 24. b4 Kh7 25. h3 Bf5 26. Nd4 Qc8 27. Nxf5
Qxf5 28. e3 Ne4 29. Rf1 Bxb2 30. Qxb2 Nb6 31. Nxb6 Rd2 32. Bxe4 Rxe4 33. Qxd2
axb6 34. a4 Qxh3 35. f3 Re5 36. Qg2 Qe6 37. e4 Rg5 38. f4 Rg4 39. f5 gxf5 40.
Rae1 fxe4 41. Rf4 Rg5 42. Qxe4+ Qxe4 43. Rfxe4 Rxg3+ 44. Kf2 Rg6 45. Re7 Kg7
46. Rxb7 Rg4 47. Rxb6 1-0

[Event "Torneo Nuevo Centro. Jornada 7"]
[Site "Chess.com"]
[Date "2020.07.31"]
[Round "5"]
[White "Saiz Sapena, Veronica"]
[Black "Romera Navia, Alberto"]
[Result "0-1"]
[WhiteElo "1538"]
[BlackElo "1869"]
[PlyCount "86"]
[EventDate "2020.??.??"]

1. d4 Nf6 2. Nf3 d5 3. g3 c5 4. Bg2 Nc6 5. dxc5 e6 6. O-O Bxc5 7. a3 a5 8. Bg5
h6 9. Bxf6 Qxf6 10. Nbd2 a4 11. Rb1 b6 12. e3 Ba6 13. Re1 O-O 14. b4 axb3 15.
Rxb3 Bb7 16. Qb1 Qe7 17. c4 Na5 18. Rb5 Bc6 19. Rxb6 Bxb6 20. Qxb6 Rfb8 21. Qd4
dxc4 22. Nxc4 Nxc4 23. Qxc4 Bd5 24. Qc3 Rxa3 25. Qe5 Rab3 26. Nh4 Bxg2 27. Kxg2
R3b5 28. Qf4 g5 29. Qg4 f5 30. Qh5 gxh4 31. Qg6+ Qg7 32. Qxe6+ Kh7 33. Rd1 R8b7
34. e4 hxg3 35. hxg3 Re5 36. Qc6 Rbe7 37. exf5 Rxf5 38. Qc2 Qg6 39. Qc3 Rf6 40.
Rd8 Qe4+ 41. Kh3 Qf5+ 42. Kh4 Re4+ 43. g4 Qxg4# 0-1

[Event "Torneo Nuevo Centro. Jornada 7"]
[Site "Chess.com"]
[Date "2020.07.31"]
[Round "5"]
[White "Granero Roca, Antonio"]
[Black "Bendayán Claros, Aaron"]
[Result "1-0"]
[WhiteElo "2463"]
[BlackElo "2019"]
[PlyCount "91"]
[EventDate "2020.??.??"]

1. Nf3 d5 2. g3 e6 3. Bg2 Bd6 4. O-O Nd7 5. d4 f5 6. c4 c6 7. Nbd2 Ngf6 8. e3
O-O 9. b3 Ne4 10. Bb2 Rf6 11. Ne5 Rh6 12. f4 Qe8 13. Nxe4 fxe4 14. Qe2 Qe7 15.
h4 Nf8 16. Rac1 Bd7 17. Bh3 Be8 18. f5 Bh5 19. Qg2 Bxe5 20. dxe5 Bf3 21. Rxf3
exf3 22. Qxf3 exf5 23. cxd5 cxd5 24. Qxd5+ Kh8 25. Bxf5 Rd8 26. Qe4 Rc6 27.
Rxc6 bxc6 28. Bc3 Qc5 29. Bd4 Qc1+ 30. Kh2 c5 31. e6 cxd4 32. e7 Qd2+ 33. Kh3
Re8 34. exf8=Q+ Rxf8 35. exd4 Rd8 36. Bxh7 Qxd4 37. Qc2 Qg1 38. Be4 Qf1+ 39.
Bg2 Qf6 40. Qc5 a6 41. Qh5+ Qh6 42. Qf7 Qf6 43. Qb7 g6 44. a4 Rd6 45. b4 Qg7
46. Qb8+ 1-0

[Event "Torneo Nuevo Centro. Jornada 7"]
[Site "Chess.com"]
[Date "2020.07.31"]
[Round "5"]
[White "Garcia, Jhoel"]
[Black "Aguado, Pablo Luis"]
[Result "1/2-1/2"]
[WhiteElo "2399"]
[BlackElo "1908"]
[PlyCount "116"]
[EventDate "2020.??.??"]

1. c4 e6 2. Nf3 d5 3. e3 Nf6 4. b3 Be7 5. Bb2 O-O 6. Be2 b6 7. O-O Bb7 8. d4 c5
9. dxc5 bxc5 10. cxd5 exd5 11. Nc3 Nbd7 12. Rc1 Rc8 13. Bd3 Nb6 14. Bf5 Rc7 15.
Bb1 Qd7 16. h3 Rd8 17. Qe2 d4 18. exd4 cxd4 19. Na4 Rxc1 20. Rxc1 Nxa4 21. bxa4
d3 22. Qe3 d2 23. Rd1 Qxa4 24. Rxd2 Rxd2 25. Qxd2 Bxf3 26. gxf3 g6 27. Qe2 Qd7
28. Be4 Nxe4 29. Qxe4 Bf8 30. Qe5 f6 31. Qxf6 Bg7 32. Qxg7+ Qxg7 33. Bxg7 Kxg7
34. Kf1 Kf6 35. Ke2 Ke5 36. Ke3 g5 37. a3 a6 38. a4 a5 39. Kd3 Kf4 40. Ke2 h6
41. Ke1 Kxf3 42. Kf1 h5 43. Kg1 h4 44. Kf1 g4 45. hxg4 Kxg4 46. Kg2 h3+ 47. Kh2
Kf3 48. Kxh3 Kxf2 49. Kg4 Ke3 50. Kg3 Kd3 51. Kf2 Kc3 52. Ke1 Kb4 53. Kd1 Kxa4
54. Kc1 Kb3 55. Kb1 a4 56. Ka1 a3 57. Kb1 a2+ 58. Ka1 Ka3 1/2-1/2

[Event "Torneo Nuevo Centro. Jornada 7"]
[Site "Chess.com"]
[Date "2020.07.31"]
[Round "5"]
[White "Fernández Martin, Carlos"]
[Black "Donate Moreno, Silvia"]
[Result "1-0"]
[WhiteElo "1805"]
[BlackElo "1966"]
[PlyCount "83"]
[EventDate "2020.??.??"]

1. e4 c5 2. Nc3 g6 3. g3 Bg7 4. Bg2 Nc6 5. d3 d6 6. f4 e6 7. Nf3 Nge7 8. O-O
O-O 9. Be3 Nd4 10. Bxd4 cxd4 11. Ne2 Rb8 12. Kh1 Qb6 13. Rb1 Nc6 14. g4 f5 15.
exf5 exf5 16. g5 Qa6 17. a3 Be6 18. Qe1 Rbe8 19. Qg3 Qa4 20. Rbc1 b5 21. h4 Bd5
22. Neg1 Re3 23. h5 Rfe8 24. h6 Bf8 25. Qf2 b4 26. Rfe1 bxa3 27. bxa3 Qxa3 28.
Kh2 a5 29. Nxd4 Rxe1 30. Bxd5+ Kh8 31. Rxe1 Ne7 32. Bb3 a4 33. Nb5 Qb4 34. Bc4
d5 35. Qd4+ Kg8 36. Rxe7 dxc4 37. Rg7+ Kh8 38. Rf7+ Kg8 39. Rg7+ Kh8 40. Re7+
Kg8 41. Rxe8 Qxb5 42. Qg7# 1-0

[Event "Torneo Nuevo Centro. Jornada 7"]
[Site "Chess.com"]
[Date "2020.07.31"]
[Round "5"]
[White "Hernández Tomás, Efrén"]
[Black "Marques Montolio, Luis"]
[Result "0-1"]
[WhiteElo "1064"]
[BlackElo "1422"]
[PlyCount "96"]
[EventDate "2020.??.??"]

1. e4 c6 2. Nf3 d5 3. e5 Bf5 4. d4 e6 5. Nc3 a6 6. Bd3 Bg4 7. h3 Bh5 8. Be2 c5
9. O-O Nc6 10. Be3 cxd4 11. Nxd4 Bxe2 12. Qxe2 Nxe5 13. Bf4 Ng6 14. Qf3 Bd6 15.
Bxd6 Qxd6 16. Rae1 Nf6 17. Nb3 O-O 18. Na5 Qb6 19. Nb3 Rac8 20. Qe3 Qxe3 21.
fxe3 Rc7 22. Re2 Rfc8 23. Rc1 Ne5 24. Kf2 Nc4 25. Rb1 Nxb2 26. Rxb2 Rxc3 27.
Na5 b5 28. Nb7 R3c6 29. Na5 R6c7 30. Kf3 Ne4 31. g4 Nc3 32. Rd2 Na4 33. Rb3
Rxc2 34. Rxc2 Rxc2 35. a3 Rc3 36. Kf4 Rc1 37. Kg3 Rg1+ 38. Kf2 Rh1 39. Kg2 Rc1
40. Kf3 h6 41. Kf4 g6 42. h4 Rf1+ 43. Kg3 Rc1 44. Kf4 Nc5 45. Rb2 Kg7 46. Nb3
Rc3 47. Nd4 Nd3+ 48. Kf3 Nxb2 0-1

[Event "Torneo Nuevo Centro. Jornada 7"]
[Site "Chess.com"]
[Date "2020.07.31"]
[Round "5"]
[White "Beneyto de Ramon, Guillermo"]
[Black "Yuste Valenzuela, Alejandro"]
[Result "0-1"]
[WhiteElo "1608"]
[BlackElo "1897"]
[PlyCount "86"]
[EventDate "2020.??.??"]

1. c4 e5 2. Nc3 Nc6 3. g3 f5 4. Bg2 Nf6 5. d3 Bb4 6. Nf3 Bxc3+ 7. bxc3 O-O 8.
O-O d6 9. Bg5 Qe8 10. Nd2 Qh5 11. Bxf6 Rxf6 12. e4 Qh6 13. exf5 Bxf5 14. Ne4
Rg6 15. h4 Rf8 16. Rb1 Bc8 17. Qd2 Qh5 18. c5 d5 19. Ng5 Ne7 20. Qe3 h6 21. Nf3
Rgf6 22. Nd2 c6 23. d4 e4 24. Nb3 Nf5 25. Qd2 Nxh4 26. gxh4 Qxh4 27. Qe3 Rf4
28. Nd2 Rg4 29. f3 Rg3 30. Qf2 Bh3 31. Qxg3 Qxg3 32. Rf2 e3 33. Re2 exd2 34.
Rxd2 Rxf3 35. Re1 Bxg2 36. Rxg2 Qxe1+ 37. Kh2 Qh4+ 38. Kg1 Rxc3 39. Rf2 Rc1+
40. Kg2 Qg4+ 41. Kh2 Rg1 42. Rf8+ Kxf8 43. a4 Qg3# 0-1

[Event "Torneo Nuevo Centro. Jornada 7"]
[Site "Chess.com"]
[Date "2020.07.31"]
[Round "5"]
[White "Martínez Escandell, Alfonso"]
[Black "Portillo Torrente, Manuel"]
[Result "1-0"]
[WhiteElo "1785"]
[BlackElo "1378"]
[PlyCount "97"]
[EventDate "2020.??.??"]

1. e4 g6 2. d4 d6 3. c3 Bg7 4. f4 a6 5. a4 c6 6. Bd3 Nf6 7. Ne2 Nbd7 8. O-O O-O
9. Ng3 Re8 10. f5 Nf8 11. e5 dxe5 12. dxe5 Nd5 13. fxg6 Nxg6 14. Bxg6 hxg6 15.
Qf3 Be6 16. c4 Qb6+ 17. Kh1 Nc7 18. Re1 Qd4 19. Nc3 Bxe5 20. Be3 Qg4 21. Qxg4
Bxg4 22. Bb6 Bxg3 23. hxg3 Ne6 24. Ne4 Kg7 25. Nf2 Rh8+ 26. Kg1 Bf5 27. g4 Bc2
28. Re2 Bb3 29. Re4 Bc2 30. Re3 Rac8 31. Rc3 Bxa4 32. Rxa4 c5 33. Rh3 Rxh3 34.
gxh3 Rc6 35. Ba5 Nd4 36. Bc3 e5 37. Ne4 Ne2+ 38. Kf2 Nxc3 39. Nxc3 f5 40. gxf5
gxf5 41. Ra1 Kg6 42. Rd1 e4 43. Rg1+ Kf7 44. Ke3 Rd6 45. Nd5 b5 46. b3 bxc4 47.
bxc4 a5 48. Ra1 Ra6 49. Ra4 1-0

[Event "Torneo Nuevo Centro. Jornada 7"]
[Site "Chess.com"]
[Date "2020.07.31"]
[Round "5"]
[White "Bascuñana Sánchez, Pablo"]
[Black "Aymerich Rosell, Pablo"]
[Result "1/2-1/2"]
[WhiteElo "1656"]
[BlackElo "1975"]
[PlyCount "135"]
[EventDate "2020.??.??"]

1. e4 c6 2. d4 d5 3. exd5 cxd5 4. Bd3 Nc6 5. c3 Qc7 6. Nf3 Nf6 7. O-O Bg4 8. h3
Bh5 9. Nbd2 e6 10. b3 Bd6 11. Bb2 O-O 12. c4 dxc4 13. bxc4 Bf4 14. Nb3 Rad8 15.
g3 Bxg3 16. d5 Bh2+ 17. Kh1 Be5 18. Bxe5 Nxe5 19. Be2 Nxf3 20. Bxf3 Bxf3+ 21.
Qxf3 Qxc4 22. dxe6 Qxe6 23. Rfe1 Qc4 24. Rac1 Qh4 25. Kh2 h6 26. Re2 Nh5 27.
Qxb7 a5 28. Qf3 a4 29. Re4 Qg5 30. Rxa4 Rfe8 31. Rg1 Qe5+ 32. Kh1 Nf6 33. Ra5
Qe6 34. Rf5 Rd6 35. Nc5 Qc8 36. Nb3 Ree6 37. Qg3 Ne8 38. Qf3 Rf6 39. Rxf6 Rxf6
40. Qg3 Rg6 41. Qf3 Nf6 42. Rxg6 fxg6 43. Nd4 Qc1+ 44. Kg2 Qb2 45. Qb3+ Qxb3
46. axb3 Kf7 47. Kf3 Ke7 48. b4 Kd6 49. Ke2 Kd5 50. Nb3 Kc4 51. Nd2+ Kxb4 52.
Kf3 Kc3 53. Ne4+ Nxe4 54. Kxe4 Kc4 55. f4 Kc5 56. Ke5 g5 57. fxg5 hxg5 58. Kf5
Kd6 59. Kxg5 Ke6 60. Kg6 Ke7 61. Kxg7 Ke6 62. Kg6 Ke5 63. h4 Ke6 64. Kh5 Ke7
65. Kg6 Kf8 66. h5 Kg8 67. h6 Kh8 68. h7 1/2-1/2

[Event "Torneo Nuevo Centro. Jornada 7"]
[Site "Chess.com"]
[Date "2020.07.31"]
[Round "5"]
[White "Gukasov, Artem"]
[Black "Gómez Alonso, Óscar"]
[Result "0-1"]
[WhiteElo "1527"]
[BlackElo "1858"]
[PlyCount "102"]
[EventDate "2020.??.??"]

1. e4 c5 2. Nf3 e6 3. d4 cxd4 4. Nxd4 Nf6 5. Nc3 Nc6 6. Be3 a6 7. Be2 Bb4 8. a3
Bxc3+ 9. bxc3 Qc7 10. Qd2 d5 11. Nxc6 bxc6 12. Bd4 e5 13. Qg5 exd4 14. Qxg7 Rg8
15. Qxf6 dxe4 16. Qxd4 Bf5 17. Rg1 Rd8 18. Qf6 Be6 19. g3 Rb8 20. Qd4 f5 21.
Bxa6 Rd8 22. Qe3 Qd6 23. Be2 Qe5 24. Rd1 Rxd1+ 25. Kxd1 Ke7 26. Qd4 Qa5 27.
Qb4+ Qxb4 28. axb4 Ra8 29. Kd2 Ra2 30. Bd1 h6 31. Re1 Kd6 32. f3 exf3 33. Bxf3
Bb3 34. Bd1 Be6 35. Kd3 Ra1 36. Kd2 Ra3 37. Re3 Ra2 38. Rd3+ Ke7 39. Ke3 Ra1
40. Kf4 Bc4 41. Rd4 Be6 42. Ke5 Rc1 43. Rd6 Bd5 44. Bh5 Re1+ 45. Kd4 Kxd6 46.
c4 Be4 47. c5+ Kc7 48. c4 Rh1 49. b5 Rxh2 50. Bd1 Rd2+ 51. Kc3 Rxd1 0-1

[Event "Torneo Nuevo Centro. Jornada 7"]
[Site "Chess.com"]
[Date "2020.07.31"]
[Round "5"]
[White "Chernikov, Vladimir"]
[Black "Gil López, Alejandro"]
[Result "1/2-1/2"]
[WhiteElo "2213"]
[BlackElo "2190"]
[PlyCount "119"]
[EventDate "2020.??.??"]

1. b3 c5 2. Bb2 Nc6 3. e3 Nf6 4. Nf3 g6 5. d4 cxd4 6. exd4 d5 7. Nbd2 Bg7 8.
Be2 O-O 9. O-O Bf5 10. Ne5 Nxe5 11. dxe5 Nd7 12. f4 Rc8 13. c4 dxc4 14. Nxc4
Nc5 15. Qxd8 Rfxd8 16. Rfd1 Bc2 17. Rxd8+ Rxd8 18. Ba3 b6 19. Rc1 Be4 20. Kf2
Ne6 21. g3 Bf8 22. Ke3 Bb7 23. Rd1 Rxd1 24. Bxd1 f6 25. Bg4 f5 26. Be2 Nc5 27.
Bxc5 bxc5 28. Na5 Ba8 29. Bc4+ Kg7 30. Be6 h6 31. Kd3 g5 32. Kc4 gxf4 33. gxf4
Kg6 34. Kxc5 h5 35. Bd5 Bxd5 36. Kxd5 Bh6 37. Nc6 Bxf4 38. Nxe7+ Kg5 39. Nc6
Kg4 40. e6 Bg5 41. e7 Bxe7 42. Nxe7 f4 43. Ng6 f3 44. Ne5+ Kf4 45. b4 f2 46.
Nd3+ Ke3 47. Nxf2 Kxf2 48. h4 Kg3 49. b5 Kxh4 50. a4 Kg4 51. a5 h4 52. b6 axb6
53. axb6 h3 54. b7 h2 55. b8=Q h1=Q+ 56. Ke6 Qh6+ 57. Kd7 Qg7+ 58. Kc8 Qf8+ 59.
Kb7 Qxb8+ 60. Kxb8 1/2-1/2

[Event "Torneo Nuevo Centro. Jornada 7"]
[Site "Chess.com"]
[Date "2020.07.31"]
[Round "5"]
[White "Gimeno Higueras, Roberto"]
[Black "Orts Tomás, Marc"]
[Result "1-0"]
[WhiteElo "2063"]
[BlackElo "1772"]
[PlyCount "109"]
[EventDate "2020.??.??"]

1. e4 c5 2. c3 Nf6 3. e5 Nd5 4. d4 cxd4 5. Nf3 e6 6. cxd4 d6 7. Bc4 Nc6 8. O-O
Nb6 9. Bb5 Be7 10. Nc3 O-O 11. a3 a6 12. Bd3 d5 13. b4 Nc4 14. Bxc4 dxc4 15.
Ne4 b5 16. Nc5 Qb6 17. Qe2 Bb7 18. Nd7 Qc7 19. Nxf8 Rxf8 20. Bb2 Rd8 21. Rad1
Bf8 22. Ng5 h6 23. Ne4 Ne7 24. Nd6 Nd5 25. Nxb7 Qxb7 26. Qf3 Qb6 27. Bc3 Qa7
28. Qg3 a5 29. bxa5 Bxa3 30. Bd2 Bf8 31. Bxh6 Qxa5 32. h4 Kh8 33. Bg5 Rb8 34.
h5 c3 35. Ra1 Qb6 36. h6 gxh6 37. Bf6+ Kh7 38. Qd3+ Kg8 39. g3 b4 40. Kg2 b3
41. Rh1 b2 42. Rab1 Rc8 43. Rh4 Ba3 44. Rg4+ Kf8 45. Qh7 Ke8 46. Rg8+ Kd7 47.
Qxf7+ Ne7 48. Rxc8 Kxc8 49. Qe8+ Kb7 50. Bxe7 c2 51. Qd7+ Ka6 52. Qa4+ Kb7 53.
Qxc2 Qc6+ 54. Qxc6+ Kxc6 55. Bxa3 1-0